00487nam a2200205Ia 4500003000900000008004100009040001300050040001300063041000800076100002200084100000800106245005600114250002200170260001500192260000900207300001100216300001200227490000600239600003600245IT-RoPAU120407s9999 xx 000 0 und d aIT-RoPAU cIT-RoPAU aeng aNicholas Halligan ccp. 4aThe administration of tre sacraments. Staten Island aStaten Island, NY aAlba House c1964 a856 p. c22,5 cm v1 a1. Sacramenti - amministrazione